000 00801nam a2200229 i 4500
001 185878
003 SpMaBN
005 20251122063143.0
008 160817s1987 sp b |||| |dspa d
020 _a84-206-3209-0
080 _a860(82)-95"19"
100 1 _aBorges, Jorge Luis,
_d1899-1986
_9242526
245 1 0 _aBiblioteca personal
_b: (prólogos) /
_cJorge Luis Borges.
260 _aMadrid :
_bAlianza Editorial,
_c[1987]
300 _aIV, 132 p. ;
_c20 cm.
490 1 _aAlianza tres ;
_v209
500 _aApéndice: Relación de los títulos de su "biblioteca personal" prologados por J.L. Borges.
650 4 _aPrólogos y epílogos.
_9151467
830 0 0 _aAlianza tres
_v209
_9177344
852 _aES-MaACL
_jL-30564
_z. - Donat. Miguel A. Velasco
999 _c185878
_d185878